000 00446nam a2200169Ia 4500
008 240729s9999 xx 000 0 und d
022 _a2738-2486
245 0 _aSouth Asian Journal of Marketing
260 _aUnited Kingdom
260 _bEmerald Publishing
650 _a Business
650 _a Commerce
650 _aSocial Sciences
856 _uhttps://doaj.org/toc/f9b624de9dab4f57b0e72ed73fd39870
942 _2ddc
942 _cDOAJEJ
999 _c66438
_d66438
945 _a1
_bMadushi Gamage
_c1
_dMadushi Gamage